Statistics for Pets of Disney Princessess

Click here to take the quiz!

General Stats

  • This quiz has been taken 44 times
  • The average score is 3 of 7

Answer Stats

Answer% Correct
Pascal
75%
Mushu
50%
Rajah
46%
Flounder
39%
Meeko
32%
Ray
29%
Hehe
14%

Score Distribution

Percentile by Number Answered

Percent of People with Each Score

Your Score History

You have not taken this quiz